Central Library OPAC University of Rajshahi

Politics of the developing nations / (Record no. 41944)

MARC details
000 -LEADER
fixed length control field 00742nam a2200229 a 4500
001 - CONTROL NUMBER
control field 41944
003 - CONTROL NUMBER IDENTIFIER
rucl marc code BD-RjUL
005 - DATE AND TIME OF LATEST TRANSACTION
control field 20211209053455.0
008 - FIXED-LENGTH DATA ELEMENTS--GENERAL INFORMATION
fixed length control field 160607s1964 nju 000 0 eng
035 ## - SYSTEM CONTROL NUMBER
System control number (BD-RjUL)42062
040 ## - CATALOGING SOURCE
Original cataloging agency DLC
Transcribing agency DLC
Modifying agency BD-RjUL
Language of cataloging eng
041 ## - LANGUAGE CODE
Language code of text/sound track or separate title eng
082 00 - DEWEY DECIMAL CLASSIFICATION NUMBER
Classification number 320.9
Edition number 23
Author mark and year VOP 1964
100 10 - MAIN ENTRY--PERSONAL NAME
Personal name Von der Mehden, Fred R.
9 (RLIN) 128909
245 10 - TITLE STATEMENT
Title Politics of the developing nations /
Statement of responsibility, etc. Fred R. Von der Mehden
260 ## - PUBLICATION, DISTRIBUTION, ETC. (IMPRINT)
Place of publication, distribution, etc. Englewood Cliffs, N.J. :
Name of publisher, distributor, etc. Prentice-Hall,
Date of publication, distribution, etc. c1964
300 ## - PHYSICAL DESCRIPTION
Pagination xi, 140 p. ;
Size 21 cm.
490 0# - SERIES STATEMENT
Series statement The american assembly series
650 #0 - SUBJECT ADDED ENTRY--TOPICAL TERM
Topical term or geographic name as entry element Newly independent states
General subdivision Politics and government.
9 (RLIN) 128910
651 #0 - SUBJECT ADDED ENTRY--GEOGRAPHIC NAME
Geographic name Developing countries
General subdivision Politics and government.
9 (RLIN) 125480
942 ## - ADDED ENTRY ELEMENTS (KOHA)
Source of classification or shelving scheme Dewey Decimal Classification
Koha item type Books
Holdings
Lost status Source of classification or shelving scheme Damaged status Not for loan Collection code Permanent Location Current Location Shelving location Date acquired Source of acquisition Total Checkouts Full call number Date last seen Copy number Koha item type Cost, normal purchase price
  Dewey Decimal Classification     Non-fiction Central Library, University of Rajshahi Central Library, University of Rajshahi   16/01/1975 M Obidul Huq   320.9 VOP 1964 07/06/2016 C-2 Books  
  Dewey Decimal Classification     Non-fiction Central Library, University of Rajshahi Central Library, University of Rajshahi   01/07/1974 Green Book House   320.9 VOP 1964 08/06/2016 C-3 Books 15.60
  Dewey Decimal Classification     Non-fiction Central Library, University of Rajshahi Central Library, University of Rajshahi   01/07/1974 Green Book House   320.9 VOP 1964 16/07/2016 C-4 Books 15.60